| 000 | 00670nam a2200241 a 4500 | ||
|---|---|---|---|
| 005 | 20210219152910.0 | ||
| 008 | 991125n 000 0 eng u | ||
| 035 | _aUPN01000066189 | ||
| 100 | 1 | _aMagner, Denise K. | |
| 222 | _aCHRONICLE OF HIGHER EDUCATION | ||
| 245 | _aBlack intellectuals broaden debate on effects of affirmative action | ||
| 300 | _aA17, 22-23 | ||
| 362 | _a1991 38, No. 8 | ||
| 505 | _aMarzo 1992 | ||
| 653 | 0 | _aDERECHOS CIVILES | |
| 653 | 0 | _aDISCRIMINACION RACIAL | |
| 653 | 0 | _aMEDIDAS AFIRMATIVAS | |
| 653 | 0 | _aNEGROS | |
| 653 | 0 | _aPUBLIC POLICY | |
| 653 | 0 | _aRESOLUCION DE CONFLICTOS | |
| 904 |
_aAC _b004000 |
||
| 905 | _aArticulo | ||
| 999 |
_c63361 _d63361 |
||